[Event "Abidjan op"]
[Site "Abidjan"]
[Date "2015.06.28"]
[Round "8"]
[White "Osunfuyi, Abimbola"]
[Black "Asmah, Veron Edward"]
[Result "1-0"]
[WhiteElo "2147"]
[BlackElo "2045"]
[PlyCount "41"]
[EventDate "2015.06.26"]
[EventType "swiss"]
[EventRounds "9"]
[EventCountry "IVO"]
[SourceTitle "EXT 2016"]
[Source "ChessBase"]
[SourceDate "2015.10.08"]
[SourceVersion "1"]
[SourceVersionDate "2015.10.08"]
[SourceQuality "1"]

1. e4 c6 2. d4 d5 3. exd5 cxd5 4. c4 dxc4 5. Bxc4 Nf6 6. Nc3 e6 7. Nf3 Nc6 8. 0-0 Be7 9. a3 a6 10. Bg5 0-0 11. Rc1 Ng4 12. Bf4 Bd6 13. Qd2 Bxf4 14. Qxf4 Nf6 15. Bd3 Ne7 16. Ng5 Ng6 17. Bxg6 fxg6 18. Qd2 b5 19. Rfe1 Qa5 20. Nxe6 Bb7 21. Nxf8 1-0